[Event "Reykjavik Open 2016"]
[Site "Reykjavik ISL"]
[Date "2016.03.11"]
[Round "5.5"]
[White "Cheparinov, Ivan"]
[Black "Di Berardino, Diego Rafael"]
[Result "1-0"]
[WhiteTitle "GM"]
[BlackTitle "IM"]
[WhiteElo "2684"]
[BlackElo "2511"]
[WhiteFideId "2905540"]
[BlackFideId "2105446"]
[EventDate "2016.03.08"]

1. d4 Nf6 2. c4 e6 3. Nf3 d5 4. Nc3 Nbd7 5. Bg5 Be7 6. e3 O-O 7. Rc1 c6 8. a3 h6
9. Bf4 Nh5 10. Bd3 Nxf4 11. exf4 c5 12. cxd5 cxd4 13. Nxd4 Bf6 14. Bb1 exd5 15.
O-O Nc5 16. Ba2 Ne6 17. Nde2 Nc7 18. Qd3 b6 19. Bb1 g6 20. Rfd1 Re8 21. Qf3 Ba6
22. Ng3 Qe7 23. h3 Rad8 24. f5 g5 25. Nh5 Bb7 26. Qg3 Be5 27. f6 1-0

[Event "Reykjavik Open 2016"]
[Site "Reykjavik ISL"]
[Date "2016.03.11"]
[Round "5.6"]
[White "Rambaldi, Francesco"]
[Black "Melkumyan, Hrant"]
[Result "1/2-1/2"]
[WhiteTitle "GM"]
[BlackTitle "GM"]
[WhiteElo "2541"]
[BlackElo "2653"]
[WhiteFideId "20657307"]
[BlackFideId "13302485"]
[EventDate "2016.03.08"]

1. e4 c6 2. Nc3 d5 3. Nf3 Bg4 4. h3 Bxf3 5. Qxf3 e6 6. d4 dxe4 7. Qxe4 Nf6 8.
Qd3 Nbd7 9. Be2 Be7 10. O-O O-O 11. Ne4 Qb6 12. c3 Rfd8 13. Nxf6+ Nxf6 14. Qc2
a5 15. a4 Rd7 16. Bd2 Rad8 17. Rad1 Nd5 18. Bc1 g6 19. Bd3 Bf6 20. Qe2 Re8 21.
Bc2 Qd8 22. g3 Bg5 23. f4 Be7 24. Kg2 Bd6 25. Rde1 Rde7 26. Qf3 Rf8 27. Bb3 Bc7
28. Re2 Ree8 29. Rfe1 Qb8 30. Bc4 Bd6 31. Bb3 Bc7 32. Bd2 Rd8 33. Bc2 b5 34. Bc1
Rfe8 35. Rf1 b4 36. Rfe1 bxc3 37. bxc3 Bd6 38. c4 Nb4 39. Bb1 Bf8 40. g4 Bg7 41.
f5 exf5 42. gxf5 Rxe2+ 43. Qxe2 Qd6 44. Qe8+ Bf8 45. Qe5 Qxe5 46. Rxe5 Bg7 47.
Rxa5 1/2-1/2

[Event "Reykjavik Open 2016"]
[Site "Reykjavik ISL"]
[Date "2016.03.11"]
[Round "5.7"]
[White "Kristjansson, Stefan"]
[Black "Movsesian, Sergei"]
[Result "0-1"]
[WhiteTitle "GM"]
[BlackTitle "GM"]
[WhiteElo "2478"]
[BlackElo "2653"]
[WhiteFideId "2301172"]
[BlackFideId "310204"]
[EventDate "2016.03.08"]

1. e4 e5 2. Nf3 Nc6 3. Bc4 Nf6 4. d3 Be7 5. O-O d6 6. c3 O-O 7. Re1 Kh8 8. Nbd2
h6 9. Nf1 Nh7 10. Ng3 Ng5 11. Nf5 Bf6 12. h4 Nh7 13. g4 Be7 14. Bb3 h5 15. gxh5
Bxf5 16. exf5 Qd7 17. Ng5 Bxg5 18. hxg5 Qxf5 19. Re3 Nxg5 20. Rg3 Nh3+ 21. Kh2
Nf4 22. d4 Ne7 23. dxe5 dxe5 24. Qg4 Nxh5 25. Qxf5 Nxf5 26. Rh3 g6 27. Bc2 Ng7
28. Bg5 Kh7 29. Bf6 Rae8 30. Rg1 Kg8 31. Bg5 Re6 32. Bb3 Rb6 33. Be3 Rf6 34. Re1
Re8 35. Kg1 Nf4 36. Rh2 Ngh5 37. f3 b6 38. Rd1 Rd6 39. Rxd6 cxd6 40. Rd2 Rd8 41.
a4 d5 42. a5 Rd6 43. Ba2 Kf8 44. b4 Ke7 45. Kf2 g5 46. Rd1 Nf6 47. c4 dxc4 48.
Rxd6 Kxd6 49. Bxc4 N6d5 50. Bd2 f5 51. Ba6 Ne6 52. Bd3 f4 53. axb6 axb6 54. Be4
Nd4 55. Kg2 Nc6 56. b5 Nd4 57. Kh3 Nxb5 58. Kg4 Nf6+ 59. Kxg5 Nxe4+ 60. fxe4 Kc5 0-1

[Event "Reykjavik Open 2016"]
[Site "Reykjavik ISL"]
[Date "2016.03.11"]
[Round "5.8"]
[White "Agdestein, Simen"]
[Black "Shabalov, Alexander"]
[Result "1/2-1/2"]
[WhiteTitle "GM"]
[BlackTitle "GM"]
[WhiteElo "2610"]
[BlackElo "2520"]
[WhiteFideId "1500015"]
[BlackFideId "2008572"]
[EventDate "2016.03.08"]

1. d4 d5 2. c4 dxc4 3. e3 Nf6 4. Bxc4 e6 5. Nf3 a6 6. O-O c5 7. dxc5 Bxc5 8.
Qxd8+ Kxd8 9. Nbd2 Ke7 10. Be2 Bd7 11. a3 Rc8 12. b4 Ba7 13. Bb2 Ba4 14. Rfc1
Nbd7 15. Kf1 g6 16. Nc4 Ne4 17. Bd3 f5 18. Ke1 Bc6 19. Nfe5 Nxe5 20. Bxe5 Rd8
21. Be2 Rac8 22. f3 Nf6 23. Bf4 Bd5 24. a4 Nh5 25. Bg5+ Nf6 26. h3 Rd7 27. Nd2
Rxc1+ 28. Rxc1 e5 29. Rc8 Bb6 30. Bc4 Ke6 31. Ke2 Bd8 32. Nb3 Be7 33. b5 Bxc4+
34. Rxc4 axb5 35. axb5 Rd5 36. Bxf6 Kxf6 37. Nc1 Rxb5 38. Nd3 Ra5 39. Rc7 Rb5
40. g4 Ke6 41. gxf5+ gxf5 42. e4 f4 43. Rc8 Kf6 44. Rh8 Kg7 45. Re8 Bf6 46. Rc8
Kg6 47. Rc5 Rxc5 48. Nxc5 b5 49. Nd3 Bg7 50. Ke1 Kg5 51. Kf1 Kf6 52. Ke2 Bf8 53.
Ke1 Bd6 54. Ke2 Ba3 55. Ke1 b4 56. Nc5 Ke7 57. Kd2 Kd6 58. Nb3 Kc6 59. Kc2 Kb5
60. h4 h5 61. Nd2 Kc5 62. Nb3+ Kc4 63. Na5+ Kd4 64. Nc6+ Ke3 65. Nxe5 b3+ 66.
Kxb3 Be7 67. Ng6 Bd8 68. Kc4 Kxf3 69. Kd3 1/2-1/2

[Event "Reykjavik Open 2016"]
[Site "Reykjavik ISL"]
[Date "2016.03.11"]
[Round "5.9"]
[White "Grigoriants, Sergey"]
[Black "Paehtz, Elisabeth"]
[Result "1/2-1/2"]
[WhiteTitle "GM"]
[BlackTitle "IM"]
[WhiteElo "2587"]
[BlackElo "2474"]
[WhiteFideId "4130804"]
[BlackFideId "4641833"]
[EventDate "2016.03.08"]

1. Nf3 d5 2. d4 Nf6 3. c4 c6 4. e3 g6 5. Nc3 Bg7 6. Be2 O-O 7. O-O Bg4 8. h3
Bxf3 9. Bxf3 e6 10. b3 Re8 11. Bb2 Nbd7 12. Qc2 Rc8 13. Rad1 Qa5 14. Qd2 Qa6 15.
Be2 Qb6 16. Rc1 Qd8 17. Rfd1 Qe7 18. Bf3 Bh6 19. Qc2 Nb6 20. Ne2 Nbd7 21. g3
Rcd8 22. Bg2 Bg7 23. Qd2 Rc8 24. Qa5 a6 25. Ba3 Qd8 26. Qxd8 Rcxd8 27. Bb4 Rc8
28. Ba5 Bf8 29. Nf4 Bd6 30. Nd3 Ne4 31. Rc2 1/2-1/2

[Event "Reykjavik Open 2016"]
[Site "Reykjavik ISL"]
[Date "2016.03.11"]
[Round "5.10"]
[White "Beliavsky, Alexander G"]
[Black "Lampert, Jonas"]
[Result "1-0"]
[WhiteTitle "GM"]
[BlackTitle "IM"]
[WhiteElo "2630"]
[BlackElo "2472"]
[WhiteFideId "14602377"]
[BlackFideId "1303759"]
[EventDate "2016.03.08"]

1. e4 e5 2. Nf3 Nc6 3. Bb5 a6 4. Ba4 Nf6 5. O-O Bc5 6. c3 b5 7. Bc2 d5 8. d4
dxe4 9. Nbd2 exf3 10. Qxf3 Be7 11. Qxc6+ Bd7 12. Qf3 exd4 13. Ne4 O-O 14. Rd1 c5
15. cxd4 c4 16. Nxf6+ Bxf6 17. Be4 Rb8 18. Bf4 Rb6 19. Rac1 Re8 20. h3 Bg5 21.
b3 Qf6 22. Be3 Qxf3 23. gxf3 Bxe3 24. fxe3 cxb3 25. axb3 Bxh3 26. Kf2 g6 27. Rc7
Rc8 28. Rdc1 Rxc7 29. Rxc7 b4 30. Bc6 Rb8 31. d5 Kf8 32. e4 h5 33. Kg3 Bf1 34.
d6 Rd8 35. e5 Bb5 36. Bxb5 axb5 37. Kf4 Re8 38. Ke4 h4 39. Kd5 g5 40. d7 Rd8 41.
Ke4 1-0

[Event "Reykjavik Open 2016"]
[Site "Reykjavik ISL"]
[Date "2016.03.11"]
[Round "5.11"]
[White "Hauge, Lars Oskar"]
[Black "Andreikin, Dmitry"]
[Result "0-1"]
[WhiteTitle "FM"]
[BlackTitle "GM"]
[WhiteElo "2393"]
[BlackElo "2732"]
[WhiteFideId "1509276"]
[BlackFideId "4158814"]
[EventDate "2016.03.08"]

1. e4 c5 2. Nf3 Nc6 3. d4 cxd4 4. Nxd4 e6 5. Nc3 Qc7 6. g3 a6 7. Bg2 Nf6 8. O-O
Be7 9. Re1 O-O 10. Nxc6 dxc6 11. e5 Rd8 12. Bd2 Nd5 13. Qg4 b5 14. Rad1 b4 15.
Nb1 a5 16. Bh6 Bf8 17. Bg5 Rd7 18. Nd2 Kh8 19. Be4 Qxe5 20. Bxh7 Qxe1+ 21. Rxe1
Kxh7 22. Nf3 Kg8 23. h4 f6 24. Bd2 e5 25. h5 Rd6 26. Qh4 Bf5 27. c4 bxc3 28.
bxc3 Rb8 29. Qa4 Nb6 30. Qxa5 Bg4 31. Be3 Nc4 32. Qa7 Rb5 33. Qa4 Nxe3 34. Rxe3
Bxh5 35. Qc2 Bf7 36. Re1 Rd8 37. a4 Rbd5 38. Ra1 Bc5 39. Qe4 Rd3 40. c4 Rc3 41.
a5 Bxc4 0-1

[Event "Reykjavik Open 2016"]
[Site "Reykjavik ISL"]
[Date "2016.03.11"]
[Round "5.12"]
[White "Grandelius, Nils"]
[Black "Kavutskiy, Konstantin"]
[Result "1/2-1/2"]
[WhiteTitle "GM"]
[BlackTitle "FM"]
[WhiteElo "2646"]
[BlackElo "2369"]
[WhiteFideId "1710400"]
[BlackFideId "2026384"]
[EventDate "2016.03.08"]

1. d4 Nf6 2. c4 g6 3. Nc3 Bg7 4. e4 d6 5. Be2 O-O 6. Nf3 Na6 7. O-O e5 8. Be3 c6
9. Qc2 Ng4 10. Bg5 Qe8 11. dxe5 Nxe5 12. Rad1 Be6 13. b3 h6 14. Be3 Qe7 15. Nd4
Ng4 16. Bxg4 Bxg4 17. f3 Be6 18. Qd2 Kh7 19. Nde2 Rfd8 20. Bd4 Nc5 21. Bxg7 Kxg7
22. Nd4 a5 23. f4 f5 24. Rfe1 Qf6 25. e5 dxe5 26. Rxe5 b6 27. Na4 Ne4 28. Nxe6+
Qxe6 29. Qxd8 Rxd8 30. Rxd8 Qf6 31. Rd7+ Kf8 32. Nxb6 g5 33. g4 fxg4 34. Rxe4
Qa1+ 35. Kf2 Qxa2+ 36. Re2 Qxb3 37. Rb7 Qf3+ 38. Ke1 Qc3+ 39. Kf1 Qf3+ 40. Ke1
Qc3+ 41. Kf1 Qf3+ 1/2-1/2

[Event "Reykjavik Open 2016"]
[Site "Reykjavik ISL"]
[Date "2016.03.11"]
[Round "5.14"]
[White "Marin, Mihail"]
[Black "Hedman, Erik"]
[Result "1-0"]
[WhiteTitle "GM"]
[BlackTitle "FM"]
[WhiteElo "2597"]
[BlackElo "2349"]
[WhiteFideId "1200020"]
[BlackFideId "1702351"]
[EventDate "2016.03.08"]

1. d4 c5 2. d5 Nf6 3. c4 e6 4. Nc3 exd5 5. cxd5 d6 6. e4 g6 7. Nf3 Bg7 8. Be2
O-O 9. O-O Bg4 10. Bf4 Re8 11. Nd2 Bxe2 12. Qxe2 Nh5 13. Be3 Nd7 14. g4 Nhf6 15.
f3 h5 16. g5 Nh7 17. f4 f5 18. gxf6 Ndxf6 19. Kh1 b5 20. Qxb5 Rb8 21. Qd3 Rxb2
22. Nc4 Rb4 23. Bg1 Ng4 24. Rae1 g5 25. e5 gxf4 26. e6 Ne5 27. Nxe5 Bxe5 28.
Bxc5 Bxc3 29. Rg1+ Ng5 30. Qg6+ 1-0

[Event "Reykjavik Open 2016"]
[Site "Reykjavik ISL"]
[Date "2016.03.11"]
[Round "5.15"]
[White "Dvirnyy, Danyyil"]
[Black "Abrahamyan, Tatev"]
[Result "1/2-1/2"]
[WhiteTitle "GM"]
[BlackTitle "WGM"]
[WhiteElo "2572"]
[BlackElo "2324"]
[WhiteFideId "817570"]
[BlackFideId "13301918"]
[EventDate "2016.03.08"]

1. c4 c5 2. g3 Nc6 3. Bg2 g6 4. Nc3 Bg7 5. a3 a5 6. e3 e6 7. Nge2 Nge7 8. O-O
O-O 9. b3 d5 10. Bb2 d4 11. Na4 b6 12. b4 axb4 13. axb4 d3 14. Nec3 cxb4 15. Ne4
f5 16. Bxg7 Kxg7 17. Ng5 e5 18. Nb2 Rxa1 19. Qxa1 h6 20. Nf3 Be6 21. Ne1 Qa8 22.
Nexd3 Qa3 23. Qb1 Rd8 24. Rc1 Bf7 25. Qc2 e4 26. Ne1 Ne5 27. f4 Nd7 28. Qb1 b3
29. d4 exd3 30. Nbxd3 Nc5 31. Nxc5 bxc5 32. Rc3 Rb8 33. Nd3 Qa2 34. Qb2 Kh7 35.
Rc1 Kg8 36. Ra1 Qxb2 37. Nxb2 Nc8 38. Bf1 Nd6 39. Bd3 Rb4 40. Rc1 Kf8 41. Kf2
Be8 42. Ke2 Bc6 43. Kd2 Be4 44. Be2 Bc6 45. Ra1 Ne4+ 46. Ke1 Nc3 47. Kd2 Ne4+
48. Kc1 Nc3 49. Bd1 Rb8 50. Kd2 Ne4+ 51. Ke1 Nc3 52. Kd2 Ne4+ 53. Ke1 Nc3 54.
Be2 Re8 55. Bd3 Na2 56. Kd2 Rd8 57. Ke2 Be4 58. Bxe4 Nc3+ 59. Ke1 Nxe4 60. Rd1
Ra8 61. Rd3 Ra1+ 62. Ke2 Rh1 63. Rxb3 Rxh2+ 64. Kd1 Rh1+ 65. Kc2 Rh2+ 66. Kd1 h5
67. Nd3 Rg2 68. Ne5 Rxg3 69. Rb6 Rxe3 70. Nxg6+ Ke8 71. Nh4 Nf2+ 72. Kd2 Re4 73.
Nxf5 Rxf4 74. Ng7+ Kd7 75. Nxh5 Rxc4 76. Nf6+ Kc8 77. Ke2 Ne4 78. Nxe4 Rxe4+ 79.
Kd3 Rd4+ 1/2-1/2

[Event "Reykjavik Open 2016"]
[Site "Reykjavik ISL"]
[Date "2016.03.11"]
[Round "5.16"]
[White "Vuilleumier, Alexandre"]
[Black "Tari, Aryan"]
[Result "1-0"]
[WhiteTitle "IM"]
[BlackTitle "IM"]
[WhiteElo "2366"]
[BlackElo "2553"]
[WhiteFideId "1305662"]
[BlackFideId "1510045"]
[EventDate "2016.03.08"]

1. d4 Nf6 2. Nf3 d5 3. Bf4 c5 4. c3 e6 5. e3 Nc6 6. Nbd2 Bd6 7. Bg3 O-O 8. Bb5
a6 9. Bxc6 bxc6 10. Qa4 Bxg3 11. hxg3 Qb6 12. O-O a5 13. Nb3 Ne4 14. Qa3 Ba6 15.
Rfc1 c4 16. Nbd2 Rfb8 17. Nxe4 dxe4 18. Ng5 Qxb2 19. Qd6 c5 20. dxc5 Rd8 21. Qf4
Qb7 22. Rab1 Qe7 23. Rb6 e5 24. Qh4 h6 25. Nxe4 Qxh4 26. gxh4 Kf8 27. c6 1-0

[Event "Reykjavik Open 2016"]
[Site "Reykjavik ISL"]
[Date "2016.03.11"]
[Round "5.17"]
[White "Ragnarsson, Dagur"]
[Black "Bromberger, Stefan"]
[Result "0-1"]
[WhiteTitle "FM"]
[BlackTitle "GM"]
[WhiteElo "2243"]
[BlackElo "2532"]
[WhiteFideId "2304058"]
[BlackFideId "4635248"]
[EventDate "2016.03.08"]

1. d4 Nf6 2. Nf3 e6 3. g3 d5 4. Bg2 Be7 5. c4 O-O 6. Qc2 c5 7. dxc5 Na6 8. cxd5
exd5 9. O-O Nxc5 10. Nc3 Bg4 11. Nd4 Rc8 12. f3 Bd7 13. Be3 Na4 14. Qb3 Nxc3 15.
bxc3 b5 16. Rfc1 Qa5 17. Bd2 Rc4 18. e3 a6 19. Bf1 Ra4 20. Be1 Qc7 21. Rc2 Bd6
22. Bd3 Re8 23. Re2 Bc8 24. g4 Nd7 25. Qxd5 Bb7 26. Qh5 g6 27. Qh3 Ne5 28. Rd1
Rxd4 29. exd4 Nxf3+ 30. Kf2 Rxe2+ 31. Bxe2 Ng5 32. Qe3 Bf4 33. Qe8+ Kg7 34. Bd3
Ne6 35. d5 Qc5+ 36. Kf1 Qxd5 37. Bf2 Qh1+ 0-1

[Event "Reykjavik Open 2016"]
[Site "Reykjavik ISL"]
[Date "2016.03.11"]
[Round "5.18"]
[White "Ly, Moulthun"]
[Black "Pogan, Nikolas"]
[Result "1-0"]
[WhiteTitle "IM"]
[BlackTitle "FM"]
[WhiteElo "2500"]
[BlackElo "2285"]
[WhiteFideId "3204405"]
[BlackFideId "24673579"]
[EventDate "2016.03.08"]

1. e4 c6 2. d4 d5 3. e5 Bf5 4. Nf3 e6 5. Be2 Nd7 6. O-O Ne7 7. Nbd2 Bg6 8. Nh4
Nf5 9. Nxg6 hxg6 10. Nf3 Be7 11. c3 c5 12. g3 g5 13. Kg2 cxd4 14. cxd4 Qb6 15.
h3 f6 16. exf6 gxf6 17. Bd3 Kf7 18. Bxf5 exf5 19. Qd3 g4 20. hxg4 fxg4 21. Nh4
Rag8 22. Re1 Rh5 23. Bf4 Bb4 24. Rh1 Qa6 25. Qc2 Qc6 26. Qb1 Qe6 27. a3 Bf8 28.
Re1 Qb6 29. Qd3 Bd6 30. Bxd6 Qxd6 31. Nf5 Qa6 32. Re7+ Kf8 33. Qxa6 bxa6 34.
Rxd7 Rxf5 35. Rc1 1-0

[Event "Reykjavik Open 2016"]
[Site "Reykjavik ISL"]
[Date "2016.03.11"]
[Round "5.19"]
[White "Gislason, Gudmundur"]
[Black "Danielsen, Henrik"]
[Result "1/2-1/2"]
[WhiteTitle "FM"]
[BlackTitle "GM"]
[WhiteElo "2338"]
[BlackElo "2488"]
[WhiteFideId "2300559"]
[BlackFideId "1400185"]
[EventDate "2016.03.08"]

1. Nf3 g6 2. g3 c5 3. Bg2 Bg7 4. c4 Nc6 5. Nc3 d6 6. O-O Bf5 7. a3 Nf6 8. b4 Ne4
9. Bb2 Nxc3 10. Bxc3 Bxc3 11. dxc3 O-O 12. Qd2 Kg7 13. Qe3 Rc8 14. Rfd1 b6 15.
Qf4 Qc7 16. g4 e5 17. Qg3 Be6 18. Ng5 Bxc4 19. Qh4 h6 20. Ne4 d5 21. Qf6+ Kg8
22. Nd6 Ne7 23. bxc5 bxc5 24. Rab1 Rcd8 25. Nxc4 dxc4 26. h4 Rxd1+ 27. Rxd1 Rb8
28. Bd5 Nxd5 29. Rxd5 Re8 30. h5 gxh5 31. Qxh6 hxg4 32. Qg5+ Kf8 33. Qh6+ Kg8
34. Qg5+ Kf8 35. Qh6+ 1/2-1/2

[Event "Reykjavik Open 2016"]
[Site "Reykjavik ISL"]
[Date "2016.03.11"]
[Round "5.20"]
[White "Andersen, Mads"]
[Black "Haugli, Petter"]
[Result "1-0"]
[WhiteTitle "IM"]
[BlackTitle "IM"]
[WhiteElo "2479"]
[BlackElo "2244"]
[WhiteFideId "1413864"]
[BlackFideId "1500104"]
[EventDate "2016.03.08"]

1. d4 d5 2. c4 c6 3. Nf3 Nf6 4. e3 Bf5 5. Nc3 e6 6. Nh4 Be4 7. f3 Bg6 8. Qb3 Qc7
9. Bd2 Be7 10. g3 Bh5 11. Be2 O-O 12. Rc1 Qb6 13. Ng2 Qxb3 14. axb3 g5 15. e4
dxe4 16. fxe4 Bxe2 17. Kxe2 Nfd7 18. h4 gxh4 19. gxh4 Bf6 20. e5 Bg7 21. Nf4 c5
22. Rhg1 Kh8 23. Nh5 Rg8 24. Nxg7 Rxg7 25. Rxg7 Kxg7 26. Rg1+ Kf8 27. Bh6+ Ke7
28. Rg8 1-0

[Event "Reykjavik Open 2016"]
[Site "Reykjavik ISL"]
[Date "2016.03.11"]
[Round "5.21"]
[White "Petrov, Nikita"]
[Black "Haynes, Nicolas"]
[Result "1-0"]
[WhiteTitle "IM"]
[WhiteElo "2464"]
[BlackElo "2182"]
[WhiteFideId "4101286"]
[BlackFideId "2607271"]
[EventDate "2016.03.08"]

1. Nf3 d5 2. g3 Bg4 3. Bg2 Nd7 4. c4 e6 5. Qb3 Nc5 6. Qe3 c6 7. d4 Nd7 8. cxd5
cxd5 9. O-O Ne7 10. Nc3 Nf5 11. Qd3 Nd6 12. e4 dxe4 13. Nxe4 Bf5 14. Nfg5 h6 15.
Re1 Bxe4 16. Nxe4 Be7 17. Bf4 Nxe4 18. Qxe4 O-O 19. Qxb7 Rc8 20. Qxa7 e5 21.
dxe5 Bc5 22. Qa4 Nb6 23. Qe4 Re8 24. Rad1 1-0

[Event "Reykjavik Open 2016"]
[Site "Reykjavik ISL"]
[Date "2016.03.11"]
[Round "5.23"]
[White "Edvardsson, Kristjan"]
[Black "Tan, Justin2"]
[Result "0-1"]
[BlackTitle "IM"]
[WhiteElo "2228"]
[BlackElo "2441"]
[WhiteFideId "2300893"]
[BlackFideId "3206882"]
[EventDate "2016.03.08"]

1. d4 Nf6 2. c4 e6 3. g3 c5 4. d5 exd5 5. cxd5 d6 6. Nc3 g6 7. Bg2 Bg7 8. Nf3
O-O 9. O-O Re8 10. Nd2 a6 11. a4 Nbd7 12. h3 Rb8 13. Nc4 Ne5 14. Na3 Nh5 15. e4
Bd7 16. a5 b5 17. axb6 Bb5 18. Naxb5 axb5 19. Nxb5 Qxb6 20. Na3 Qb3 21. g4 Nf6
22. g5 Nh5 23. Qxb3 Rxb3 24. f4 Nd3 25. Nc4 Ng3 26. Nxd6 Bd4+ 27. Kh2 Nxf1+ 28.
Bxf1 Rd8 29. Nc4 Nxc1 30. Rxc1 Rf3 31. Ne5 Bxb2 32. Nxf3 Bxc1 33. Kg3 Rb8 34.
Ne5 Rb3+ 35. Kg4 Re3 36. Bg2 Re1 37. Kf3 Rd1 38. Ke2 Rd4 39. Nd3 Ba3 40. Ke3 Ra4
41. d6 Kf8 42. Ne5 c4 43. d7 Ke7 44. Bf1 Bc5+ 45. Kd2 Bd6 46. Nxc4 Bxf4+ 47. Kc3
Ra1 48. Be2 Bxg5 49. Nb6 Rb1 50. Nd5+ Kxd7 51. Bg4+ Kd8 52. Kd4 h5 53. Be2 Rh1
54. Ke5 Rxh3 55. Kd6 Rh2 56. Bb5 Rd2 57. Ke5 0-1

[Event "Reykjavik Open 2016"]
[Site "Reykjavik ISL"]
[Date "2016.03.11"]
[Round "5.24"]
[White "Johannsson, Orn Leo"]
[Black "Thorfinnsson, Bragi"]
[Result "0-1"]
[BlackTitle "IM"]
[WhiteElo "2194"]
[BlackElo "2419"]
[WhiteFideId "2303051"]
[BlackFideId "2300958"]
[EventDate "2016.03.08"]

1. d4 Nf6 2. Nf3 c5 3. e3 g6 4. Be2 Bg7 5. O-O O-O 6. b3 b6 7. Bb2 Bb7 8. c4
cxd4 9. Nxd4 Na6 10. Nc3 Nc5 11. Bf3 e5 12. Ndb5 e4 13. Be2 d5 14. Rc1 a6 15.
Nd4 dxc4 16. Bxc4 b5 17. b4 Ncd7 18. Be2 Qe7 19. Qb3 Ne5 20. a4 Nd3 21. Bxd3
exd3 22. axb5 axb5 23. Ncxb5 Qe4 24. Nf3 d2 25. Rc4 Bd5 26. Rxe4 Bxb3 27. Bxf6
d1=Q 28. Rxd1 Bxd1 29. Bxg7 Kxg7 30. h3 Ra1 31. Kh2 Bxf3 32. gxf3 Rc8 33. Nd4
Rcc1 34. Rg4 h5 35. Rg5 Rh1+ 36. Kg3 Rag1+ 37. Kf4 Rxg5 38. Kxg5 Rxh3 39. Kf4
Kf6 40. b5 g5+ 41. Ke4 h4 42. b6 Rh1 43. Kd5 h3 44. Nb5 Rb1 45. Kc6 Rxb5 0-1

[Event "Reykjavik Open 2016"]
[Site "Reykjavik ISL"]
[Date "2016.03.11"]
[Round "5.25"]
[White "Santeramo, Alessia"]
[Black "Antal, Tibor Kende"]
[Result "0-1"]
[WhiteTitle "WFM"]
[BlackTitle "FM"]
[WhiteElo "2095"]
[BlackElo "2406"]
[WhiteFideId "850810"]
[BlackFideId "738581"]
[EventDate "2016.03.08"]

1. e4 c5 2. Nf3 d6 3. Bb5+ Nd7 4. d4 cxd4 5. Qxd4 a6 6. Bxd7+ Bxd7 7. O-O Rc8 8.
Nc3 e5 9. Qd1 h6 10. Nd5 Nf6 11. Re1 Nxd5 12. Qxd5 Qc7 13. c3 Be7 14. a4 O-O 15.
Be3 Be6 16. Qd3 Rfd8 17. a5 Rd7 18. Bb6 Qc6 19. Nd2 d5 20. Qg3 dxe4 21. Be3 f5
22. Qxe5 Bf6 23. Qg3 Rcd8 24. Nf1 Kh7 25. Bb6 Rd3 26. Qf4 R8d5 27. Qc1 Rb5 28.
Qc2 Bb3 29. Qe2 Qd7 30. Be3 Rbd5 31. Ng3 Be5 32. Bb6 Rd2 33. Qh5 Rxb2 34. Qxf5+
Qxf5 35. Nxf5 Bxc3 36. Ne3 Bxe1 37. Nxd5 Bxa5 38. Bxa5 Bxd5 39. h3 e3 40. f3 Bc4
41. Bc3 Rc2 42. Bd4 e2 43. Bf2 Rd2 0-1

[Event "Reykjavik Open 2016"]
[Site "Reykjavik ISL"]
[Date "2016.03.11"]
[Round "5.26"]
[White "Ruonala, Robert"]
[Black "Christiansen, Johan-Sebastian"]
[Result "0-1"]
[BlackTitle "IM"]
[WhiteElo "2048"]
[BlackElo "2401"]
[WhiteFideId "1724703"]
[BlackFideId "1512668"]
[EventDate "2016.03.08"]

1. d4 d5 2. c4 dxc4 3. Nf3 Nf6 4. e3 b5 5. a4 b4 6. Bxc4 e6 7. O-O Be7 8. Nbd2
Bb7 9. Qe2 O-O 10. a5 a6 11. e4 c5 12. e5 Nd5 13. Nb3 Nd7 14. Bd2 cxd4 15. Nfxd4
Qb8 16. Rfe1 Qa7 17. Qg4 Kh8 18. Be3 Nxe5 19. Qg3 Nxe3 20. Bxe6 Ng6 21. Rxe3
fxe6 22. Qg4 Rf4 23. Qxe6 Rxd4 0-1

[Event "Reykjavik Open 2016"]
[Site "Reykjavik ISL"]
[Date "2016.03.11"]
[Round "5.27"]
[White "Thorhallsson, Simon"]
[Black "Kjartansson, Gudmundur"]
[Result "0-1"]
[BlackTitle "IM"]
[WhiteElo "2092"]
[BlackElo "2446"]
[WhiteFideId "2310090"]
[BlackFideId "2301318"]
[EventDate "2016.03.08"]

1. d4 Nf6 2. c4 e6 3. g3 d5 4. Nf3 Bb4+ 5. Bd2 Be7 6. Bg2 O-O 7. O-O c6 8. Qc2
Nbd7 9. Bf4 b6 10. Rd1 Ba6 11. Ne5 Qc8 12. cxd5 cxd5 13. Nc3 Qb7 14. a4 Rac8 15.
Qb3 Rfd8 16. Rac1 Nxe5 17. Bxe5 Bc4 18. Qc2 Nd7 19. Bf4 Nf8 20. e4 Ng6 21. Be3
dxe4 22. Bxe4 Bd5 23. Bxd5 exd5 24. Qb3 Rb8 25. h4 Qd7 26. h5 Nf8 27. Bf4 Rb7
28. Qb5 Qf5 29. Qe2 Ne6 30. Be3 Qh3 31. Qf3 Rbd7 32. Ne2 Bg5 33. Rc3 h6 34. Rdc1
Re7 35. b4 Bxe3 36. Rxe3 Ng5 37. Qf4 Re4 38. Qc7 Rde8 39. Qxa7 Rxe3 40. fxe3
Qxh5 41. Qd7 Qxe2 42. Qxe8+ Kh7 43. Rf1 Nh3+ 44. Kh1 Qxf1+ 45. Kh2 Ng5 0-1

[Event "Reykjavik Open 2016"]
[Site "Reykjavik ISL"]
[Date "2016.03.11"]
[Round "5.28"]
[White "Sarkar, Justin"]
[Black "Ptacnikova, Lenka"]
[Result "1-0"]
[WhiteTitle "IM"]
[BlackTitle "WGM"]
[WhiteElo "2426"]
[BlackElo "2192"]
[WhiteFideId "2010011"]
[BlackFideId "305650"]
[EventDate "2016.03.08"]

1. e4 e5 2. Nf3 Nf6 3. Nxe5 d6 4. Nf3 Nxe4 5. d4 d5 6. Bd3 Be7 7. O-O O-O 8. c4
Nf6 9. Nc3 c6 10. h3 dxc4 11. Bxc4 Nbd7 12. Bb3 Nb6 13. Ne5 Nbd5 14. Qf3 Be6 15.
Bg5 Nc7 16. Bc2 Qxd4 17. Rfe1 Rae8 18. Rad1 Qb4 19. Re2 Rd8 20. Rde1 Nb5 21. a3
Qc5 22. Nxb5 Qxb5 23. Qf4 Nh5 24. Bxh7+ Kxh7 25. Qe4+ Bf5 26. Qxf5+ g6 27. Qg4
Bxg5 28. Qxg5 Rd5 29. g4 Ng7 30. Qe7 Re8 31. Qh4+ Nh5 32. f4 Kg7 33. gxh5 f6 34.
Ng4 Rxe2 35. Qxf6+ 1-0

[Event "Reykjavik Open 2016"]
[Site "Reykjavik ISL"]
[Date "2016.03.11"]
[Round "5.29"]
[White "Lehner, Oliver"]
[Black "Bjornsson, Tomas"]
[Result "1-0"]
[WhiteTitle "IM"]
[BlackTitle "FM"]
[WhiteElo "2418"]
[BlackElo "2175"]
[WhiteFideId "1602560"]
[BlackFideId "2300303"]
[EventDate "2016.03.08"]

1. e4 e5 2. Nf3 Nf6 3. Nxe5 d6 4. Nf3 Nxe4 5. d4 d5 6. Bd3 Be7 7. O-O O-O 8. c4
Nf6 9. Nc3 Nc6 10. Re1 Bg4 11. cxd5 Nxd5 12. h3 Be6 13. a3 Bf6 14. Bc2 Nxc3 15.
bxc3 g6 16. Bf4 Qd7 17. Nd2 b6 18. Qf3 Bd5 19. Qg3 Ne7 20. Bxc7 Nf5 21. Bxf5
Qxf5 22. Be5 Rac8 23. Bxf6 Qxf6 24. Re5 Rfd8 25. Rae1 Qc6 26. h4 Qa4 27. Qg5 Be6
28. Ne4 Qxa3 29. d5 Bd7 30. Qh6 1-0